[Event "Veneto CIS Prom 5 55th"]
[Site "Meledo"]
[Date "2024.03.17"]
[Round "4.3"]
[White "Simoncello, Stefano"]
[Black "Minei, Giovanni"]
[Result "1-0"]
[WhiteElo "1399"]
[BlackElo "1710"]
[PlyCount "69"]
[EventDate "2024.03.15"]
[EventType "team-tourn"]
[EventRounds "5"]
[EventCountry "ITA"]
[SourceTitle "EXT 2025"]
[Source "ChessBase"]
[SourceDate "2024.10.14"]
[SourceVersion "1"]
[SourceVersionDate "2024.10.14"]
[SourceQuality "1"]
[WhiteTeam "Verona Battinelli II"]
[BlackTeam "Rovigo Rhodigium Chess"]
[WhiteTeamCountry "ITA"]
[BlackTeamCountry "ITA"]

1. e4 c6 2. Nc3 d5 3. Nf3 Bg4 4. h3 Bh5 5. Be2 e6 6. g4 Bg6 7. d3 d4 8. Nb1 h6 9. a3 Nf6 10. Nbd2 c5 11. Nc4 Nc6 12. g5 hxg5 13. Bxg5 Be7 14. Nce5 Bh5 15. Nxc6 bxc6 16. Ne5 Bxe2 17. Qxe2 Qc7 18. Nc4 Nh5 19. Rg1 Qh2 20. 0-0-0 Bxg5+ 21. Rxg5 Nf4 22. Qg4 Qxf2 23. Rxg7 Kf8 24. Kb1 Ne2 25. Ka1 Qf4 26. Qg2 Nc1 27. Rf1 Nb3+ 28. cxb3 Qxf1+ 29. Qxf1 Kxg7 30. Ne5 Raf8 31. Qg2+ Kh7 32. Nd7 Rd8 33. Nf6+ Kh6 34. Qg4 Rb8 35. h4 1-0